El Lenguaje personal nietzscheano: Michel Foucault y los estudios culturales latinoamericanos /
সংরক্ষণ করুন:
| প্রধান লেখক: | |
|---|---|
| বিন্যাস: | পাঠ্য |
| বিষয়গুলি: | |
| ট্যাগগুলো: |
ট্যাগ যুক্ত করুন
কোনো ট্যাগ নেই, প্রথমজন হিসাবে ট্যাগ করুন!
|
MARC
| LEADER | 00000 a a2200000 04500 | ||
|---|---|---|---|
| 001 | 10154 | ||
| 003 | |||
| 040 | |||
| 100 | |a Zuleta P., Mónica | ||
| 245 | |a El Lenguaje personal nietzscheano: |b Michel Foucault y los estudios culturales latinoamericanos / |c Mónica Zuleta P. | ||
| 650 | |a CULTURA | ||
| 650 | |a INVESTIGACION | ||
| 650 | |a FILOSOFIA | ||
| 773 | |g número 20; páginas 10-23 | ||
| 999 | |c 32876 |d 32876 | ||
